International trade practice (Бичлэгийн дугаар. 145654)
| 000 -УДИРДЛАГА | |
|---|---|
| Удирдлага | 00915nam a22003137a 4500 |
| 003 - ХЯНАЛТЫН ТОО ТОДОРХОЙЛОГЧ | |
| Код | MN-UlNUM |
| 005 - БИЧИЛТ ХИЙСЭН ОГНОО | |
| Тухайн бичилтийг бичсэн засварласан сүүлийн огноо | 20251117154956.0 |
| 008 - ЕРӨНХИЙ МЭДЭЭЛЭЛ | |
| Ерөнхий мэдээлэл | 251117m1986 cou|b||| |||| 001 0 eng | |
| 020 ## - ISBN | |
| ISBN | 0070334048 |
| -- | 0070334285 |
| 040 ## - БИЧЛЭГ ҮҮСГЭГЧ БАЙГУУЛЛАГА | |
| Бичлэг үүсгэгч номын сангийн код | МУИС-ийн номын сан |
| 084 ## - ББК АНГИЛАЛ | |
| Нэмэлт тусгалт | Нэг сэдэвт бүтээл |
| ББК ангилал | 65.42 |
| Зохиогчийн гурван тэмдэгт | K 26 |
| Мэдлэгийн ялгаа | 65 - Эдийн засаг |
| 100 1# - ЗОХИОГЧ | |
| Зохиогчийн нэр | Kaye, Harvey. |
| 245 10 - ҮНДСЭН ГАРЧИГ | |
| Номын нэр | International trade practice |
| Оролцогчдын тухай мэдээ | Harvey Kaye, Paul Plaia, Jr., Michael A. Hertzberg. |
| 260 ## - ГАРАЛТЫН МЭДЭЭ | |
| Хэвлэгдсэн газар | Colorado Springs, Colo. : |
| Хэвлэлийн газар | Shepard's/McGraw-Hill |
| Хэвлэгдсэн он | 1986. |
| 300 ## - МАТЕРИАЛЫН ТОДОРХОЙЛОЛТ | |
| хуудасны тоо | 2 v. (loose-leaf) ; |
| Хэмжээ | 25 cm. |
| 500 ## - Тайлбар | |
| Дансны дугаар | БС 2210 |
| 546 ## - ХЭЛНИЙ ТУХАЙ МЭДЭЭ | |
| Хэл | Англи хэл дээр, |
| 653 ## - Түлхүүр үг | |
| Түлхүүр үг | Tariff |
| 653 ## - Түлхүүр үг | |
| Түлхүүр үг | Law and legislation |
| 653 ## - Түлхүүр үг | |
| Түлхүүр үг | Foreign trade regulation |
| 700 1# - ХАМ ЗОХИОГЧИД | |
| Ба бус | Hertzberg, Michael A. |
| 700 1# - ХАМ ЗОХИОГЧИД | |
| Ба бус | Plaia, Paul. |
| 740 ## - НОМЫН ГАРЧИГ | |
| Гарчиг | Agencies and Laws in Relief |
| 740 ## - НОМЫН ГАРЧИГ | |
| Гарчиг | Unfair Import Practices |
| 740 ## - НОМЫН ГАРЧИГ | |
| Гарчиг | Countervailing Duty |
| 740 ## - НОМЫН ГАРЧИГ | |
| Гарчиг | Antidumping |
| 942 ## - ЭЛЕМЕНТИЙН ТӨРӨЛ | |
| Зүйлийн төрөл | Ном |
